Vietnam urban upgrading project

Shranjeno v:
Bibliografske podrobnosti
Glavni avtor: The World Bank
Format: Knjiga
Jezik:Undetermined
Izdano: Washington DC The World Bank 2003
Oznake: Označite
Brez oznak, prvi označite!
Thư viện lưu trữ: Trung tâm Học liệu Trường Đại học Cần Thơ
LEADER 00447nam a2200169Ia 4500
001 CTU_62690
008 210402s9999 xx 000 0 und d
082 |a 363.7 
082 |b W927v/Vol.1 
100 |a The World Bank 
245 0 |a Vietnam urban upgrading project 
245 4 |c The World Bank 
260 |a Washington DC 
260 |b The World Bank 
260 |c 2003 
904 |i Minh 
980 |a Trung tâm Học liệu Trường Đại học Cần Thơ